000 00464nam a2200193Ia 4500
005 20250603144732.0
008 250603s9999 xx 000 0 und d
020 _a9788181473868
050 _aTP 155 .C68/
100 _aCoulson, J.W
245 0 _aCoulson & Richardson’s chemical engineering (Vol. 1)
250 _a6th ed.
260 _aIndia
260 _bButterworth-Heinemann
260 _c2004
300 _a895 p
650 _aIndia
942 _cBK
999 _c39799
_d39799